00513cam a22002051 4500001001300000003000400013005001700017008004100034010001700075035002000092040001700112042001200129050002300141100001900164245003000183260003400213300002100247752002200268999001700290he 66000459 DLC20260227111436.0840529s1965 is 000 0 heb  ahe 66000459  a(OCoLC)19143563 aDLCcMHdDLC apremarc00aKFI4259b.S44 19332 aShem-Ur, Orah.10aBa-bayit ha-kol be-seder. aRamat Gan :bMasadahc[1965?] a149 p. ;c21 cm. aIsraeldRamat Gan c31585d31585